|
|
|
|
| LEADER |
00000nab a2200000 a 4500 |
| 001 |
vtls001027971 |
| 003 |
SK-MaSNL |
| 005 |
20260303035933.0 |
| 008 |
040720e19991129xo 0 slo |
| 035 |
|
|
|a SL6525
|
| 040 |
|
|
|a SLLK
|b slo
|c SLLK
|e AACR2
|
| 041 |
0 |
|
|a slo
|
| 044 |
|
|
|a xo
|c SK
|
| 080 |
|
|
|a 796.92
|2 1981
|
| 080 |
|
|
|a 338.48
|2 1981
|
| 245 |
0 |
0 |
|a Do Litmanovej už nielen na púť, ale aj na lyžovačku
|
| 650 |
0 |
7 |
|a lyžiarske strediská
|2 SLLK
|9 70265
|
| 650 |
0 |
7 |
|a výstavba
|2 SLLK
|9 29373
|
| 651 |
|
7 |
|a Litmanová (Slovensko)
|2 SLLK
|9 55694
|
| 651 |
|
7 |
|a SL,
|2 SLLK
|9 1022390
|
| 655 |
|
7 |
|a periodikum
|2 snkbucl
|9 29553
|
| 773 |
0 |
8 |
|t Sme
|g Roč. 7
|g Roč. 50, č.275, 29.11.1999, s. 18
|
| 852 |
|
|
|a ZVYKNI
|b KIS3GCP
|
| 999 |
|
|
|c 1679562
|d 1681492
|